Statistics for Most Guessed Countries on Countries That Start With S

Click here to take the quiz!

General Stats

  • This quiz has been taken 54 times
  • The average score is 8 of 10

Answer Stats

Percent guessedCountry% Correct
91%Sweden
92%
74%South Africa
88%
76%South Korea
88%
74%Slovakia
84%
77%Sudan
82%
72%South Sudan
80%
75%Spain
80%
80%Switzerland
78%
72%Slovenia
76%
71%Somalia
65%

Score Distribution

Percentile by Number Answered

Percent of People with Each Score

Your Score History

You have not taken this quiz